Industrial engineering handbook
Saved in:
| Hovedforfatter: | |
|---|---|
| Format: | Bog |
| Sprog: | engelsk |
| Udgivet: |
Nueva York
McGraw Hill
1971
|
| Udgivelse: | 3a. ed |
| Fag: | |
| Tags: |
Tilføj Tag
Ingen Tags, Vær først til at tagge denne postø!
|
MARC
| LEADER | 00000nam a2200000 a 4500 | ||
|---|---|---|---|
| 001 | UCY2195 | ||
| 003 | CL-VaPUC | ||
| 008 | 941017e19710000US |||||||||||||||||eng|d | ||
| 082 | 0 | 4 | |a 658.5 |b MAY |2 21 |
| 100 | |a Maynard, Harold Bright |e autor |9 427504 | ||
| 245 | 1 | 0 | |a Industrial engineering handbook |
| 250 | |a 3a. ed | ||
| 942 | |c BK | ||
| 945 | |d 19941017 00:00:00 |a mfernand | ||
| 260 | |a Nueva York |b McGraw Hill |c 1971 | ||
| 650 | 7 | |a INGENIERIA INDUSTRIAL MANUALES |2 CL-VaPUC |9 330249 | |
| 583 | |a last modification |c 19941017 00:00:00 |k Rodrigo Vera | ||
| 999 | |c 230671 |d 230669 | ||